000 00612nam a2200205Ia 4500
003 GCL
008 140319s9999 xx 000 0 ara d
040 _aGCL /
_cGCL
082 0 4 _a953.15
_bا ت
100 1 _aابراهيم بن على زين العابدين
245 1 0 _aتاريخ عسير /
_cابراهيم بن على زين العابدين
700 1 _aمحمد بن مسلط بن عيسى الوصال ال
260 _a[S.N] :
_bدائرة الاعلام
300 _a400 ص
490 _a
650 0 4 _aتاريخ
650 0 4 _aالسعودية
650 0 4 _aعسير
942 _2ddc
_cBK
999 _c29593
_d29593